Central Library OPAC University of Rajshahi

An introduction to jurisprudence / (Record no. 45800)

MARC details
000 -LEADER
fixed length control field 00608nam a2200217 a 4500
001 - CONTROL NUMBER
control field 45800
003 - CONTROL NUMBER IDENTIFIER
rucl marc code BD-RjUL
005 - DATE AND TIME OF LATEST TRANSACTION
control field 20211209054053.0
008 - FIXED-LENGTH DATA ELEMENTS--GENERAL INFORMATION
fixed length control field 160728s1970 pak||||| |||| 001 0 eng d
035 ## - SYSTEM CONTROL NUMBER
System control number (BD-RjUL)45918
040 ## - CATALOGING SOURCE
Original cataloging agency BD-RjUL
Language of cataloging eng
Transcribing agency BD-RjUL
Modifying agency BD-RjUL
041 ## - LANGUAGE CODE
Language code of text/sound track or separate title eng
082 ## - DEWEY DECIMAL CLASSIFICATION NUMBER
Edition number 23
Author mark and year KHI 1970
Classification number 340.1
100 1# - MAIN ENTRY--PERSONAL NAME
Personal name Khan, Hamiduddin
9 (RLIN) 140087
245 20 - TITLE STATEMENT
Title An introduction to jurisprudence /
Statement of responsibility, etc. Hamiduddin, Khan
260 ## - PUBLICATION, DISTRIBUTION, ETC. (IMPRINT)
Place of publication, distribution, etc. Lahore :
Name of publisher, distributor, etc. All pakistan legal decission,
Date of publication, distribution, etc. 1970
300 ## - PHYSICAL DESCRIPTION
Pagination 196 p. ;
Size 23 cm.
500 ## - GENERAL NOTE
General note Includes index.
650 ## - SUBJECT ADDED ENTRY--TOPICAL TERM
Topical term or geographic name as entry element jurisprudence
9 (RLIN) 140088
942 ## - ADDED ENTRY ELEMENTS (KOHA)
Source of classification or shelving scheme Dewey Decimal Classification
Koha item type Books
Holdings
Lost status Source of classification or shelving scheme Damaged status Not for loan Collection code Permanent Location Current Location Shelving location Date acquired Source of acquisition Cost, normal purchase price Total Checkouts Full call number Date last seen Date checked out Copy number Koha item type
  Dewey Decimal Classification     Non-fiction Central Library, University of Rajshahi Central Library, University of Rajshahi   27/08/1972 Paragon Enterprise Ltd. 10.00 1 340.1 KHI 1970 27/03/2017 23/03/2017 C-2 Books
  Dewey Decimal Classification     Non-fiction Central Library, University of Rajshahi Central Library, University of Rajshahi   27/08/1972 Paragon Enterprise Ltd. 10.00   340.1 KHI 1970 06/08/2016   C-3 Books